000 00437nam a2200193Ia 4500
008 240510s9999 xx 000 0 und d
020 _a0008129316460
041 _aEng
082 _a005.133
082 _bM22
100 _aMEDINETS ,D.
245 0 _aPERL 5 BY EXAMPLE
260 _bPRINTICE HALL : NEW DELHI
260 _c1996
300 _a658 p.
650 _aPERL : PROGRAMMING LANAGUAGES
942 _2ddc
942 _cLBK
999 _c26749
_d26749
945 _a1
_bMadushi Gamage
_c1
_dMadushi Gamage